[Event "División de Honor Aragonesa 2019 - Encuentros por tableros Global"]
[Site ""]
[Date "2019.02.16"]
[Round "4.32"]
[White "Gella Bitrian, Diego"]
[Black "Campo Pelegrin, Ramon"]
[Result "1-0"]
[WhiteElo "2023"]
[BlackElo "1795"]
[PlyCount "0"]
[WhiteTeam "Atletismo Huesca"]
[BlackTeam "Enroque"]
[EventDate "2019.01.26"]

1. e4 e5 2. Nf3 Nc6 3. Bb5 a6 4. Ba4 Nf6 5. O-O b5 6. Bb3 Be7 7. Re1 d6 8. c3
Na5 9. Bc2 c5 10. h3 Nc6 11. d4 cxd4 12. cxd4 O-O 13. Nc3 Qc7 14. Be3 Na5 15.
Ne2 Nc4 16. Bc1 Bb7 17. b3 Nb6 18. Bb2 Bxe4 19. Bxe4 Nxe4 20. dxe5 dxe5 21.
Bxe5 Qb7 22. Rc1 Bb4 23. Rc7 Qd5 24. Nf4 Qxd1 25. Rxd1 Rac8 26. Rd4 f6 27. Ne6
fxe5 28. Rxg7+ Kh8 29. Rxe4 Rc1+ 30. Kh2 Rf6 31. Rh4 h6 32. Nfg5 1-0

[Event "ARA Campeonato de Aragon por Equipos Preferente Grupo I (204363)"]
[Site ""]
[Date "2019.02.16"]
[Round "4.34"]
[White "Hernandez Delgado, Gabriel"]
[Black "Abancens Fernandez, Bernardo"]
[Result "1-0"]
[WhiteElo "1894"]
[BlackElo "1818"]
[PlyCount "0"]
[WhiteTeam "El Olivar C"]
[BlackTeam "Teruel B"]
[EventDate "2019.01.26"]

1. d4 Nf6 2. Bf4 c5 3. e3 g6 4. c3 Qb6 5. Qb3 Bg7 6. Nd2 d6 7. Ngf3 Be6 8. Qxb6
axb6 9. a3 h6 10. Bb5+ Bd7 11. Bxd7+ Nbxd7 12. h3 b5 13. O-O O-O 14. e4 Rfd8
15. Rfe1 Nh5 16. Be3 e5 17. dxc5 Nxc5 18. Bxc5 dxc5 19. g3 Rd3 20. Kg2 b6 21.
Re2 Bf6 22. Ne1 Rd7 23. Nc2 Rad8 24. Nf3 Re8 25. Ne3 Bd8 26. Ng4 Bc7 27. Nxh6+
Kg7 28. Ng4 Nf6 29. Nxf6 Kxf6 30. h4 Kg7 31. Rae1 Red8 32. Rh1 f6 33. h5 g5 34.
g4 b4 35. axb4 cxb4 36. cxb4 Bd6 37. b5 Bc5 38. Rb1 Rd1 39. Rxd1 Rxd1 40. Rd2
Rb1 41. Rd7+ Kg8 42. Rd2 Kg7 43. Nh2 Bd4 44. Nf1 Bxb2 45. Rd7+ Kg8 46. Ng3 Bd4
47. Nf5 Bc5 48. Nh6+ Kh8 49. Rf7 Rb2 50. Rxf6 Kg7 51. Rg6+ Kh7 52. Ng8 Rxf2+
53. Kg3 Rf7 54. Nf6+ 1-0

[Event "ARA Campeonato de Aragon por Equipos Preferente Grupo I (204363)"]
[Site ""]
[Date "2019.02.16"]
[Round "4.35"]
[White "Barcena Laguia, Francisco"]
[Black "Sarto Ramos, Angel"]
[Result "1-0"]
[WhiteElo "1804"]
[BlackElo "1891"]
[PlyCount "0"]
[WhiteTeam "Teruel B"]
[BlackTeam "El Olivar C"]
[EventDate "2019.01.26"]

1. d4 d5 2. Nf3 Bf5 3. Bf4 e6 4. e3 Bd6 5. Bg3 Nc6 6. a3 Nge7 7. Nc3 a6 8. Bd3
Qd7 9. O-O Bxg3 10. hxg3 Bg6 11. Rc1 O-O 12. Ne2 Bxd3 13. Qxd3 Ng6 14. c4 Nce7
15. b4 c6 16. Nc3 f5 17. Na4 dxc4 18. Qxc4 Qd5 19. Qc2 Nc8 20. Nc5 Ra7 21. Qe2
Rd8 22. Ng5 Nf8 23. Qh5 g6 24. Qh4 b6 25. Ncxe6 Nxe6 26. Nxe6 Re8 27. Nf4 Qd6
28. Nd3 Rc7 29. Rfd1 Na7 30. Ne5 Ree7 31. Nc4 Qe6 32. Nxb6 Qb3 33. Qf4 Rb7 34.
Nc4 Rbd7 35. Ne5 Rd5 36. Rd3 Qa4 37. Rdc3 Rexe5 38. dxe5 Rd1+ 39. Kh2 Rxc1 40.
Rxc1 Qxa3 41. Qc4+ Kg7 42. Rd1 Qb2 43. Rd7+ 1-0

[Event "ARA Campeonato de Aragon por Equipos Preferente Grupo I (204363)"]
[Site ""]
[Date "2019.02.16"]
[Round "4.37"]
[White "Hinojar Basa, Alfonso"]
[Black "Sanchez Castro, Roberto"]
[Result "1-0"]
[WhiteElo "2192"]
[BlackElo "2037"]
[PlyCount "0"]
[WhiteTeam "Marcos Frechin A"]
[BlackTeam "Ibercaja B"]
[EventDate "2019.01.26"]


1. e4 g6 2. d4 Bg7 3. Nc3 d6 4. f4 e6 5. Nf3 Ne7 6. Bd3 a6 7. O-O b5 8. Ne2 f5
9. a4 b4 10. Qe1 a5 11. exf5 exf5 12. Bc4 d5 13. Bb3 Ba6 14. Ne5 Nd7 15. Rf3
Nxe5 16. fxe5 Bc4 17. Nf4 Qd7 18. Nd3 Bxd3 19. Rxd3 Kf7 20. c3 Rhb8 21. cxb4
Rxb4 22. Bd2 Rab8 23. Bxb4 Rxb4 24. Rc1 c6 25. Rc5 Qd8 26. Qc3 Qb6 27. Rxc6
Qxc6 28. Qxc6 Nxc6 29. Bxd5+ Ke7 30. Bxc6 Rxb2 31. h4 Bh6 32. d5 Rb8 33. g3 Bg7
34. Re3 Rb4 35. Kg2 f4 36. gxf4 Rxf4 37. Kg3 Rc4 38. d6+ Kd8 39. e6 Rxc6 40.
e7+ 1-0

[Event "ARA Campeonato de Aragon por Equipos Preferente Grupo I (204363)"]
[Site ""]
[Date "2019.02.16"]
[Round "4.38"]
[White "Villalba Embid, Marcos"]
[Black "Portero Garnica, Miguel Angel"]
[Result "1/2-1/2"]
[WhiteElo "2020"]
[BlackElo "2106"]
[PlyCount "0"]
[WhiteTeam "Ibercaja B"]
[BlackTeam "Marcos Frechin A"]
[EventDate "2019.01.26"]

1. e4 e5 2. Nf3 Nc6 3. d4 exd4 4. Nxd4 Nf6 5. Nxc6 bxc6 6. e5 Qe7 7. Qe2 Nd5 8.
c4 Nb6 9. g3 Qe6 10. b3 d5 11. exd6 cxd6 12. Bg2 d5 13. Qxe6+ Bxe6 14. O-O Bc5
15. Bb2 O-O 16. cxd5 cxd5 17. Nd2 Rac8 18. Nf3 f6 19. Rac1 Rfd8 20. Nd4 Bg4 21.
h3 Bd7 22. Rfe1 Kf7 23. Bf1 Bb4 24. Red1 Rxc1 25. Rxc1 Rc8 26. Rxc8 Nxc8 27.
Nb5 Bc5 28. Kg2 Ke7 29. Bd4 Bxd4 30. Nxd4 Kd6 31. Bd3 g6 32. h4 Kc5 33. Nc2 a5
34. Kf3 d4 35. Ke2 Ne7 36. Be4 Bb5+ 37. Kd2 f5 38. Bd3 Bd7 39. Bc4 f4 40. Ne1
fxg3 41. fxg3 Nf5 42. Nd3+ Kd6 43. Bg8 Nxg3 44. Bxh7 Nf5 1/2-1/2

[Event "ARA Campeonato de Aragon por Equipos Preferente Grupo I (204363)"]
[Site ""]
[Date "2019.02.16"]
[Round "4.39"]
[White "Ruiperez Gumiel, Ramon"]
[Black "Millan Martin, Alfonso"]
[Result "0-1"]
[WhiteElo "1873"]
[BlackElo "1914"]
[PlyCount "0"]
[WhiteTeam "Marcos Frechin A"]
[BlackTeam "Ibercaja B"]
[EventDate "2019.01.26"]

1. e4 d5 2. e5 c5 3. b4 cxb4 4. d4 Nc6 5. a3 Qb6 6. Nf3 Bg4 7. Be3 e6 8. axb4
Bxb4+ 9. c3 Ba5 10. Qa4 Bxf3 11. gxf3 a6 12. Bd3 Qc7 13. O-O b5 14. Qc2 Nge7
15. Nd2 Kd7 16. Rfb1 g6 17. Rb2 Ra7 18. Rba2 Rha8 19. f4 Nf5 20. Qb2 Bb6 21.
Nb3 Qd8 22. Qe2 Qf8 23. Bc1 b4 24. Bxf5 gxf5 25. Rxa6 Rxa6 26. Rxa6 Qg7+ 27.
Kf1 Rg8 28. Ke1 Qg1+ 29. Qf1 Qxh2 30. Rxb6 Rg1 31. Nc5+ Kc7 32. Rb7+ Kc8 33.
Be3 Rxf1+ 34. Kxf1 bxc3 35. Rb6 Na5 36. Ra6 Qh1+ 37. Ke2 c2 38. Rxa5 Qd1# 0-1

[Event "ARA Campeonato de Aragon por Equipos Preferente Grupo I (204363)"]
[Site ""]
[Date "2019.02.16"]
[Round "4.40"]
[White "Garcia Monterde, Francisco Jose"]
[Black "Perez Tomas, Juan Manuel"]
[Result "1/2-1/2"]
[WhiteElo "1872"]
[BlackElo "1554"]
[PlyCount "0"]
[WhiteTeam "Ibercaja B"]
[BlackTeam "Marcos Frechin A"]
[EventDate "2019.01.26"]

1. c4 g6 2. Nc3 Bg7 3. g3 Nf6 4. Bg2 c5 5. Nf3 Nc6 6. O-O e5 7. d3 O-O 8. a3 d6
9. Rb1 a5 10. Ne1 Ne8 11. Nc2 Nc7 12. b4 axb4 13. axb4 f5 14. b5 Ne7 15. b6 Ne6
16. Ne3 Bd7 17. Ned5 Bc6 18. Nxe7+ Qxe7 19. Nd5 Qf7 20. f4 Ra2 21. Nc3 Bxg2 22.
Kxg2 Ra6 23. Nd5 Rfa8 24. Kh1 Ra2 25. fxe5 Bxe5 26. e4 Qg7 27. exf5 gxf5 28.
Nf4 Nxf4 29. Bxf4 Bd4 30. Qh5 Qd7 31. Qf3 Kg7 32. Be3 Bxe3 33. Qxe3 Qc6+ 34.
Qf3 Qxf3+ 35. Rxf3 Re8 36. Rxf5 Kg6 37. Rbf1 Ree2 38. Rf6+ Kg7 39. Rf7+ Kg8 40.
Rf8+ Kg7 41. R8f7+ 1/2-1/2

[Event "ARA Campeonato de Aragon por Equipos Preferente Grupo I (204363)"]
[Site ""]
[Date "2019.02.16"]
[Round "4.41"]
[White "Garcia Morales, Roberto"]
[Black "Sancho Casale, Jesus"]
[Result "0-1"]
[WhiteElo "2030"]
[BlackElo "1970"]
[PlyCount "0"]
[WhiteTeam "Agrupacion B"]
[BlackTeam "Tauste"]
[EventDate "2019.01.26"]

1. e4 e5 2. Nf3 Nf6 3. d3 Nc6 4. Be2 d5 5. exd5 Nxd5 6. Nc3 Bb4 7. Bd2 O-O 8.
O-O Re8 9. Nxd5 Qxd5 10. Bxb4 Nxb4 11. Nd2 c6 12. a3 Na6 13. Bf3 Qd4 14. Nc4
Bf5 15. Re1 f6 16. Be4 Be6 17. Qh5 h6 18. c3 Qd7 19. Ne3 Nc5 20. Bg6 Bf7 21.
Rad1 Rad8 22. Nf5 Ne6 23. Qg4 Bxg6 24. Qxg6 Nf4 25. Qg4 h5 26. Nh6+ Kf8 27.
Qxd7 Rxd7 28. Nf5 Nxd3 29. Re2 Red8 30. Red2 Nc5 31. Rxd7 Rxd7 32. Rxd7 Nxd7
33. Nd6 b6 34. b4 Ke7 35. Nc4 Kf7 36. Kf1 g6 37. Ne3 Ke6 38. Ke2 f5 39. Kd3 Nf6
40. c4 Ng4 41. Nxg4 hxg4 42. Ke3 Kd6 43. Kd3 c5 44. b5 e4+ 45. Kd2  0-1

[Event "ARA Campeonato de Aragon por Equipos Preferente Grupo I (204363)"]
[Site ""]
[Date "2019.02.16"]
[Round "4.42"]
[White "Turon Perez, David"]
[Black "Carruez Berges, Santiago"]
[Result "0-1"]
[WhiteElo "1898"]
[BlackElo "2024"]
[PlyCount "0"]
[WhiteTeam "Tauste"]
[BlackTeam "Agrupacion B"]
[EventDate "2019.01.26"]

1. d4 Nf6 2. c4 e6 3. Nc3 Bb4 4. Nf3 O-O 5. Bg5 h6 6. Bxf6 Qxf6 7. e4 d6 8. Bd3
Nc6 9. a3 Bxc3+ 10. bxc3 e5 11. Bc2 Bg4 12. d5 Na5 13. Qd3 b6 14. Nd2 Qg6 15.
O-O Nb7 16. Qg3 Nc5 17. h3 Bc8 18. Qxg6 fxg6 19. Rfe1 a5 20. a4 Ba6 21. Re3 Rf6
22. Rae1 Raf8 23. f3 Bc8 24. Kh2 Rf4 25. Ra1 Bd7 26. Ra2 g5 27. Bd1 h5 28. Nf1
g6 29. Ng3 Kg7 30. Ne2 R4f6 31. Nc1 Kh6 32. Nd3 Nxd3 33. Rxd3 g4 34. hxg4 hxg4
35. Kg3 Kg5 36. fxg4 Rf4 37. Re3 Bxg4 38. Bf3 Rh8 39. Ra1 Bd7 40. Ree1 Rfh4 41.
Rg1 Kf6 42. Rge1 g5 43. Rf1 Kg6 44. Ra2 Rf4 45. Re1 g4 46. Bd1 Kg5 47. Rae2 Rh7
48. Bc2 Be8 49. Re3 Bg6 50. Bd3 Rhf7 51. R3e2 R7f6 52. Bc2 Rf1 53. Bd3 Be8 54.
Bc2 R1f4 55. Ra1 Rh6 56. Rae1 Kf6 57. Rf2 Kg5 58. Rfe2 Rhf6 59. Bd1 Bg6 60. Bc2
Rf8 61. Bd3 Be8 62. Bc2 Kg6 63. Bd1 Bd7 64. Bc2 R8f6 65. Bd1 Kg7 66. Bc2 Rf7
67. Bd1 Kf8 68. Ra2 Ke7 69. Rh1 Rg7 70. Re1 Kd8 71. Rf2 Rxf2 72. Kxf2 g3+ 73.
Ke3 Rf7 74. Bf3 Bxa4 75. Rh1 Rg7 76. Rh8+ Kd7 77. Bh5 Bb3 78. Be8+ Ke7 79. Bb5
Kf6 80. Rh1 Kg5 81. Kf3 Bc2 82. Rc1 Rf7+ 83. Kxg3 Bxe4 84. Rh1 Bd3 85. Rh4 Be2
86. Re4 Bd1 87. Rg4+ Bxg4  0-1

[Event "ARA Campeonato de Aragon por Equipos Preferente Grupo I (204363)"]
[Site ""]
[Date "2019.02.16"]
[Round "4.43"]
[White "Carruez Berges, Fernando"]
[Black "Muro Turon, Raul"]
[Result "1/2-1/2"]
[WhiteElo "1993"]
[BlackElo "1830"]
[PlyCount "0"]
[WhiteTeam "Agrupacion B"]
[BlackTeam "Tauste"]
[EventDate "2019.01.26"]

1. e4 e5 2. Nc3 Nf6 3. f4 d5 4. fxe5 Nxe4 5. Qf3 Nc6 6. Bb5 Nxc3 7. bxc3 Be7 8.
Ne2 O-O 9. Bxc6 bxc6 10. O-O Ba6 11. d3 c5 12. Qg4 Bc8 13. Qg3 Bh4 14. Qf3 Be7
15. Nf4 c6 16. Nh5 f6 17. Qg3 g6 18. Bh6 Rf7 19. exf6 Bxf6 20. Nxf6+ Rxf6 21.
Rxf6 Qxf6 22. Rf1 Bf5 23. Qf4 Qe7 24. g4 Bd7 25. h3 Re8 26. Qf6 Qxf6 27. Rxf6
Rb8 28. Kf2 Re8 29. Kg3 Be6 30. Kf4 a5 31. a3 a4 32. Kg5 Bd7 33. Rf4 c4 34. d4
Be6 35. Rf6 Bd7 36. Rd6 Re7 37. Kf6 Rf7+ 38. Ke5 Re7+ 39. Kf6 Rf7+ 40. Kg5 Re7
41. h4 Rf7 42. h5 gxh5 43. Kxh5 Re7 44. Rf6 Rf7 45. Rd6 Re7 46. g5 Rf7 47. g6
hxg6+ 48. Kxg6 Bf5+ 49. Kh5 Bd7 50. Rg6+ Kh7 51. Rg3 Rf5+ 52. Bg5 Rf2 53. Re3
Rf7 54. Be7 Rf5+ 55. Bg5 Rf7 56. Re5 Kg7 57. Bh6+ Kf6 58. Bg5+ Kg7 59. Re2 Kh7
60. Bd2 Rf5+ 61. Kh4 Rf7 62. Be1 Kg6 63. Kg3 Kf5 64. Re5+ Kg6 65. Bd2 Rf5 66.
Re7 Rf7 67. Re1 Kf5 68. Bh6 Kg6 69. Bf4 Kf5 70. Bd6 Kg6 71. Rb1 Bf5 72. Rb6
Bxc2 73. Rxc6 Kf5 74. Kf3 Rf6 75. Rb6 Re6 76. Bc5  1/2-1/2

[Event "ARA Campeonato de Aragon por Equipos Preferente Grupo I (204363)"]
[Site ""]
[Date "2019.02.16"]
[Round "4.44"]
[White "Solanas Esteban, Hector"]
[Black "Lopez Guaita, Fernando"]
[Result "1/2-1/2"]
[WhiteElo "1504"]
[BlackElo "1868"]
[PlyCount "0"]
[WhiteTeam "Tauste"]
[BlackTeam "Agrupacion B"]
[EventDate "2019.01.26"]

1. d4 d5 2. Nf3 Nf6 3. c4 c6 4. Nc3 e6 5. Bf4 Be7 6. e3 Nbd7 7. Bd3 O-O 8. Qc2
dxc4 9. Bxc4 Nd5 10. Nxd5 exd5 11. Bd3 Bb4+ 12. Nd2 Nf6 13. a3 Bd6 14. Bg5 h6
15. h4 Re8 16. Bxf6 Qxf6 17. Nf3 Bg4 18. O-O-O c5 19. dxc5 Bxc5 20. Kb1 Qb6 21.
Qa4 Qe6 22. Rc1 Bf5 23. Bxf5 Qxf5+ 24. Qc2 Qe4 25. Qxe4 dxe4 26. Rxc5 exf3 27.
gxf3 Red8 28. Rhc1 Rd2 29. R1c2 Rad8 30. Rc7 R8d7 31. Rxd2 Rxc7 32. b4 Kh7 33.
Kb2 Kg6 34. Rd5 f5 35. e4 Kh5 36. Rxf5+ Kxh4 37. e5 Re7 38. Kc3 g6 39. Rf4+ Kg5
40. Re4  1/2-1/2

[Event "ARA Campeonato de Aragon por Equipos Preferente Grupo I (204363)"]
[Site ""]
[Date "2019.02.16"]
[Round "4.45"]
[White "Miranda Herrera, Jorge Manuel"]
[Black "Antonano Fedz-Quincoces, Avelino"]
[Result "0-1"]
[WhiteElo "1950"]
[BlackElo "2164"]
[PlyCount "0"]
[WhiteTeam "Monsalud-Soluzion"]
[BlackTeam "St. Casablanca C"]
[EventDate "2019.01.26"]

1. e4 e5 2. Nf3 Nc6 3. Bc4 Nf6 4. O-O Nxe4 5. Qe2 d5 6. Bb5 Bg4 7. d3 Bxf3 8.
Qxf3 Nf6 9. Re1 Bd6 10. Bg5 O-O 11. Bxc6 bxc6 12. c4 h6 13. Bh4 e4 14. dxe4
dxe4 15. Qf5 Rb8 16. Nc3 Qd7 17. Qa5 Ng4 18. h3 Ne5 19. Nxe4 Nxc4 20. Qc3 Ne5
21. Rad1 f6 22. Bg3 Rfe8 23. Bxe5 fxe5 24. Re3 Qe7 25. b3 c5 26. Red3 Rb6 27.
Qa5 Rb4 28. Nxd6 cxd6 29. Rxd6 Rd4 30. Qa6 Rd8 31. Qc4+ Kh8 32. R1xd4 cxd4 33.
Rxd8+ Qxd8 34. Qd3 Qc7 35. Qc4 Qd7 36. Qd3 Qc6 37. Kf1 Qd5 38. f3 Qa5 39. Qc2
Qa6+ 40. Qc4 Qg6 41. Ke2 Qxg2+ 42. Ke1 Qxf3 0-1

[Event "ARA Campeonato de Aragon por Equipos Preferente Grupo I (204363)"]
[Site ""]
[Date "2019.02.16"]
[Round "4.46"]
[White "Garcia Andres, Daniel"]
[Black "Miranda Garcia, Eduardo"]
[Result "1-0"]
[WhiteElo "1992"]
[BlackElo "1788"]
[PlyCount "0"]
[WhiteTeam "St. Casablanca C"]
[BlackTeam "Monsalud-Soluzion"]
[EventDate "2019.01.26"]

1. e4 d6 2. Nc3 Nf6 3. f4 g6 4. Nf3 Bg7 5. Bc4 c6 6. e5 dxe5 7. fxe5 Nd5 8. O-O
Bg4 9. d4 O-O 10. Ne4 Nd7 11. h3 N7b6 12. Bb3 Bf5 13. Qe1 a5 14. a3 Nc7 15. c3
Be6 16. Bc2 Bc4 17. Rf2 Ne6 18. Nfg5 Qc7 19. Nxe6 Bxe6 20. Ng5 Bd5 21. Rf4 c5
22. Rh4 cxd4 23. Rxh7 dxc3 24. Qh4 Bxe5 25. Rh8+ Kg7 26. Ne6+ fxe6 27. Qh7+ 1-0

[Event "ARA Campeonato de Aragon por Equipos Preferente Grupo I (204363)"]
[Site ""]
[Date "2019.02.16"]
[Round "4.47"]
[White "Miranda Herrera, Miguel"]
[Black "Rodes Apilluelo, Jose Maria"]
[Result "1-0"]
[WhiteElo "1748"]
[BlackElo "1909"]
[PlyCount "0"]
[WhiteTeam "Monsalud-Soluzion"]
[BlackTeam "St. Casablanca C"]
[EventDate "2019.01.26"]

1. e4 e5 2. f4 Bc5 3. Nf3 Nc6 4. Bc4 d6 5. b4 Bxb4 6. c3 Ba5 7. Qb3 Qe7 8. fxe5
Nxe5 9. Nxe5 Qxe5 10. Bxf7+ Ke7 11. O-O Nf6 12. d4 Qxe4 13. Bg5 Be6 14. Bxe6
Qxe6 15. Qxb7 Rab8 16. Qxa7 Qd5 17. Bxf6+ gxf6 18. Qa6 Rb2 19. Rf2 Rhb8 20. Qd3
Qh5 21. Nd2 d5 22. Qa6 R2b5 23. Re1+ Kd7 24. Qe6+ 1-0

[Event "ARA Campeonato de Aragon por Equipos Preferente Grupo I (204363)"]
[Site ""]
[Date "2019.02.16"]
[Round "4.48"]
[White "Alvarez Gonzalo, Miguel Angel"]
[Black "Soto Fidalgo, Guillermo"]
[Result "1-0"]
[WhiteElo "1817"]
[BlackElo "1747"]
[PlyCount "0"]
[WhiteTeam "St. Casablanca C"]
[BlackTeam "Monsalud-Soluzion"]
[EventDate "2019.01.26"]

1. c4 c6 2. Nc3 d5 3. d4 Nf6 4. cxd5 cxd5 5. g3 Nc6 6. Bg2 Bf5 7. a3 e6 8. Nf3
Bd6 9. O-O O-O 10. Nh4 Bg4 11. h3 Bh5 12. b4 a6 13. Qd3 Be7 14. Nf3 Bg6 15. Qd1
Rc8 16. Bb2 h6 17. e3 Ne4 18. Nxe4 Bxe4 19. Rc1 Qb6 20. Qe2 a5 21. b5 Na7 22.
a4 Bh7 23. Ne5 Qd6 24. e4 Rxc1 25. Rxc1 Rc8 26. exd5 exd5 27. Qf3 f6 28. Qxd5+
Qxd5 29. Bxd5+ Kf8 30. Rxc8+ Nxc8 31. Bxb7 Nd6 32. Nd7+ Ke8 33. Bc6 Kd8 34. Bc3
1-0

[Event "ARA Campeonato de Aragon por Equipos Preferente Grupo I (204363)"]
[Site ""]
[Date "2019.02.16"]
[Round "4.49"]
[White "Romon Poves, Raul"]
[Black "Planas Torrea, Francisco Javier"]
[Result "1/2-1/2"]
[WhiteElo "2257"]
[BlackElo "2060"]
[PlyCount "0"]
[WhiteTeam "Shatranj"]
[BlackTeam "Ejea"]
[EventDate "2019.01.26"]

1. d4 Nf6 2. c4 g6 3. Nc3 Bg7 4. e4 d6 5. Bd3 e5 6. d5 O-O
7. Nge2 Ne8 8. O-O f5 9. exf5 gxf5 10. f4 e4 11. Bc2 Nf6 12. Be3 Ng4 13. Bd4
Qh4 14. h3 Bxd4+ 15. Qxd4 Nf6 16. Nb5 Na6 17. Nxa7 Nb4 18. Ba4 Rf7 19. a3 Nd3
20. b4 Rg7 21. Kh1 Ng4 22. Kg1 Nf6 23. Kh1 Ng4 1/2-1/2

[Event "ARA Campeonato de Aragon por Equipos Preferente Grupo I (204363)"]
[Site ""]
[Date "2019.02.16"]
[Round "4.50"]
[White "Planas Torrea, Alberto"]
[Black "Franco Ibanez, Carlos"]
[Result "1/2-1/2"]
[WhiteElo "1915"]
[BlackElo "1978"]
[PlyCount "0"]
[WhiteTeam "Ejea"]
[BlackTeam "Shatranj"]
[EventDate "2019.01.26"]

1. e4 e5 2. Nf3 Nc6 3. d4 exd4 4. Bc4 Bc5 5. O-O d6 6. c3
dxc3 7. Nxc3 Nf6 8. Bg5 h6 9. Bh4 Be6 10. Bxe6 fxe6 11. Qb3 Qc8 12. e5 dxe5 13.
Rfe1 Bd6 14. Rad1 O-O 15. Bg3 Re8 16. Rd2 a5 17. Rde2 Ra6 18. Qc4 Rb6 19. a3
Qd7 20. Na4 Ra6 21. Bxe5 Nxe5 22. Nxe5 Qc8 23. Nc5 Bxc5 24. Qxc5 a4 25. h3 Nd7
26. Qc4 Nxe5 27. Rxe5 Qd7 28. f4 g6 29. Qe4 Kh7 30. Re2 Rd6 31. Qxb7 Re7 32.
Qe4 Rd4 33. Qe3 Rd3 34. Qe4 Rd4 35. Qf3 1/2-1/2

[Event "ARA Campeonato de Aragon por Equipos Preferente Grupo I (204363)"]
[Site ""]
[Date "2019.02.16"]
[Round "4.51"]
[White "Palacian Campodarve, Jesus"]
[Black "Marcellan Peire, Jesus Eduardo"]
[Result "0-1"]
[WhiteElo "1855"]
[BlackElo "1904"]
[PlyCount "0"]
[WhiteTeam "Shatranj"]
[BlackTeam "Ejea"]
[EventDate "2019.01.26"]

1. e4 c5 2. Nf3 e6 3. d4 cxd4 4. Nxd4 a6 5. Bc4 Qc7 6. Bd3
Nf6 7. Nc3 Bb4 8. Bd2 O-O 9. Qe2 Nc6 10. Nf3 b6 11. O-O-O Bb7 12. e5 Ng4 13.
Bf4 Bxc3 14. bxc3 f6 15. h3 Ngxe5 16. Rhe1 Nxd3+ 17. Rxd3 Qxf4+ 18. Kb2 0-1

[Event "ARA Campeonato de Aragon por Equipos Preferente Grupo I (204363)"]
[Site ""]
[Date "2019.02.16"]
[Round "4.52"]
[White "Asin Jimenez, Pedro Jose"]
[Black "Ballonga Arruebo, Alejandro"]
[Result "1-0"]
[WhiteElo "1735"]
[BlackElo "1680"]
[PlyCount "0"]
[WhiteTeam "Ejea"]
[BlackTeam "Shatranj"]
[EventDate "2019.01.26"]

1. e4 e6 2. d4 d5 3. Bd3 Nf6 4. e5 Nfd7 5. f4 c5 6. c3
cxd4 7. cxd4 Nc6 8. Nf3 Qb6 9. Be2 Bb4+ 10. Nc3 Qa5 11. Bd2 Qb6 12. Na4 Qa5 13.
Nc3 a6 14. a3 Be7 15. b4 Qc7 16. Rc1 b5 17. Qc2 Bb7 18. f5 Nb6 19. O-O Nc4 20.
Bxc4 dxc4 21. fxe6 fxe6 22. Rce1 O-O-O 23. Be3 Rd7 24. Rd1 a5 25. d5 Nxe5 26.
Nxe5 Qxe5 27. Bd4 1-0

[Event "ARA Campeonato de Aragon por Equipos Preferente Grupo II (204366)"]
[Site ""]
[Date "2019.02.16"]
[Round "4.53"]
[White "Vallverdu Miret, Oscar"]
[Black "Faro Perella, Alberto"]
[Result "1/2-1/2"]
[WhiteElo "2089"]
[BlackElo "1960"]
[PlyCount "0"]
[WhiteTeam "Fraga"]
[BlackTeam "Binefar"]
[EventDate "2019.01.26"]

1. d4 Nf6 2. Bf4 g6 3. e3 Bg7 4. Nf3 O-O 5. Be2 d6 6. h3 c5 7. c3 Qb6 8. Qb3
Be6 9. Qxb6 axb6 10. a3 Na6 11. Nbd2 Nc7 12. O-O Rfc8 13. Rfd1 Bd7 14. Bh2 Bc6
15. Kf1 Ne6 16. Nc4 Ra6 17. Ncd2 Raa8 18. Nc4 Ra6 19. Ncd2 1/2-1/2

[Event "ARA Campeonato de Aragon por Equipos Preferente Grupo II (204366)"]
[Site ""]
[Date "2019.02.16"]
[Round "4.54"]
[White "Bayona Bafaluy, Jose Maria"]
[Black "Aribau Rivas, Miguel Angel"]
[Result "0-1"]
[WhiteElo "1813"]
[BlackElo "2043"]
[PlyCount "0"]
[WhiteTeam "Binefar"]
[BlackTeam "Fraga"]
[EventDate "2019.01.26"]

1. e4 c5 2. Nc3 a6 3. f4 e6 4. Nf3 b5 5. d4 cxd4 6. Nxd4 Bb7 7. Bd3 Nf6 8. e5
b4 9. exf6 bxc3 10. bxc3 Qxf6 11. O-O Bc5 12. Kh1 Nc6 13. Rb1 Nd8 14. f5 e5 15.
Qe2 O-O 16. Nf3 e4 17. Bxe4 Re8 18. Rxb7 Nxb7 19. Qc4 Nd6 20. Qxc5 Nxe4 21. Qd5
Qc6 22. c4 Rac8 23. Bf4 Qxc4 24. Qxc4 Rxc4 25. Ne5 Rxc2 26. Nxd7 Rxa2 27. g4
Nf2+ 28. Kg2 Nxg4+ 0-1

[Event "ARA Campeonato de Aragon por Equipos Preferente Grupo II (204366)"]
[Site ""]
[Date "2019.02.16"]
[Round "4.55"]
[White "Alsina Franco, Sergio"]
[Black "Saura Solano, Jose Luis"]
[Result "0-1"]
[WhiteElo "1822"]
[BlackElo "1773"]
[PlyCount "0"]
[WhiteTeam "Fraga"]
[BlackTeam "Binefar"]
[EventDate "2019.01.26"]

1. e4 c5 2. c3 Nf6 3. e5 Nd5 4. d4 cxd4 5. Qxd4 Nb6 6. Nf3 Nc6 7. Qe4 g6 8. h4
Bg7 9. Na3 d5 10. Qe2 Bg4 11. Bf4 Rc8 12. Nb5 Nc4 13. Rc1 O-O 14. b3 N4xe5 15.
Nxa7 Ra8 16. Nxc6 Nxc6 17. a4 e5 0-1

[Event "ARA Campeonato de Aragon por Equipos Preferente Grupo II (204366)"]
[Site ""]
[Date "2019.02.16"]
[Round "4.56"]
[White "Arino Castan, Federico"]
[Black "Barbe Pozas, Saturnino"]
[Result "1-0"]
[WhiteElo "1727"]
[BlackElo "1683"]
[PlyCount "0"]
[WhiteTeam "Binefar"]
[BlackTeam "Fraga"]
[EventDate "2019.01.26"]

1. d4 c5 2. e3 cxd4 3. exd4 d5 4. Nc3 Nc6 5. Bb5 a6 6. Ba4 Nf6 7. Nf3 Bg4 8.
Be3 e6 9. O-O Bd6 10. Bxc6+ bxc6 11. h3 Bh5 12. Bg5 h6 13. Bh4 Qc7 14. Qd3 Bg6
15. Qe2 Nd7 16. a3 c5 17. Nxd5 Qb7 18. c4 O-O 19. Ne7+ Bxe7 20. Bxe7 Rfc8 21.
Bxc5 Nxc5 22. dxc5 Rxc5 23. b4 Rc7 24. Nd4 Be4 25. f3 Bh7 26. Rfd1 a5 27. Kh1
axb4 28. axb4 Rac8 29. b5 Rc5 30. Rd2 Qc7 31. Nc6 Bg6 32. Rad1 Kh7 33. Rd7 Qg3
34. Ne7 Rxc4 35. Nxc8 Rxc8 36. b6 Rc2 37. R7d2 Rc6 38. Rb2 Qb8 39. b7 e5 40.
Qd2 e4 41. Qd8 1-0

[Event "ARA Campeonato de Aragon por Equipos Preferente Grupo II (204366)"]
[Site ""]
[Date "2019.02.16"]
[Round "4.58"]
[White "Larrosa Poves, Jose Manuel"]
[Black "Hususan, Melisa"]
[Result "1/2-1/2"]
[WhiteElo "1912"]
[BlackElo "1763"]
[PlyCount "0"]
[WhiteTeam "Agrupacion C"]
[BlackTeam "Marcos Frechin B"]
[EventDate "2019.01.26"]

1. d4 Nf6 2. c4 g6 3. Nc3 Bg7 4. Nf3 O-O 5. Bg5 h6 6. Bh4 d6 7. e3 Nbd7 8. Be2
e5 9. dxe5 dxe5 10. Qc2 g5 11. Bg3 Qe7 12. O-O Ne8 13. Nd5 Qe6 14. e4 c6 15.
Ne3 Nd6 16. c5 Nb5 17. Bxb5 cxb5 18. Nf5 Bh8 19. Rfd1 Qc4 20. Rac1 Qxc2 21.
Rxc2 Kh7 22. Nd6 Nf6 23. Nxe5 Be6 24. b4 a5 25. bxa5 Rxa5 26. f3 Nh5 27. Nd3
Nxg3 28. hxg3 Bxa2 29. Nc1 Be6 30. Nxb7 Ra1 31. c6 Bb3 32. Nxb3 Rxd1+ 33. Kf2
Rc8 34. Ke2 Rb1 35. Nd6 Rc7 36. Nxb5 Rc8 37. N3d4 Be5 38. g4 Bg3 39. Kd3 Be5
40. Na7 Rc7 41. Ndb5 Re7 42. c7 Rd7+ 43. Ke2 Bxc7 44. Rxc7 Rb2+ 45. Ke3 Rb3+
46. Ke2 Rb2+ 47. Ke3 Rb3+ 48. Ke2 Rb2+ 1/2-1/2